|
|
|
|
| LEADER |
00000cam a2200000 7i4500 |
| 001 |
0000002406 |
| 005 |
20030606.0 |
| 020 |
0 |
0 |
|a 928080670X
|
| 090 |
0 |
0 |
|a 551.5760913
|b STA 1987
|
| 100 |
1 |
0 |
|a STADTMULLER
|h Thomas
|
| 245 |
1 |
0 |
|c Cloud forests in the humid tropics :
|b a bibliographic review
|c Thomas Stadtmuller
|
| 260 |
0 |
0 |
|a Tokyo :
|b The United Nations University ,
|c 1987
|
| 300 |
|
|
|a 81 p. ;
|c 24 cm.
|
| 500 |
0 |
0 |
|a Includes bibliograpgical references : p. 67-81
|
| 500 |
0 |
0 |
|a Originally published in Spanish
|
| 650 |
0 |
0 |
|a Clouds
|z Tropics
|
| 700 |
0 |
1 |
|a Payne
|h Noel D.
|
| 998 |
|
|
|a JPSM
|
| 999 |
|
|
|a 0000003990
|b Monograph
|c Open Shelf
|e Default branch
|